Ética pb︢lica y buen gobierno. Regenerando la democracia y luchando contra la corrupcin̤ desde el servicio pb︢lico

Detalles Bibliográficos
Autor principal: Villoria Mendieta, Manuel
Formato: Libro
Lenguaje:español
Publicado: Espaą Instituto Nacional de Administracin̤ Pb︢lica (INAP) 2015
Materias:
Acceso en línea:Acceso restringido

MARC

LEADER 00000nam a22000007a 4500
005 20160510121531.0
007 cr|||| ||u|
008 160510s2015 sp ||||| |||| 00||0 spa d
020 |a  978-84-7351-441-5 
035 |a 14201 
040 |a vLex 
090 |c 6065  |d 6065 
100 1 |a Villoria Mendieta, Manuel  
245 |a Ética pb︢lica y buen gobierno. Regenerando la democracia y luchando contra la corrupcin̤ desde el servicio pb︢lico  |h [Recurso electrn̤ico] /  |c Manuel Villoria Mendieta  
256 |a Servicio en ln̕ea 
260 |a Espaą  |b Instituto Nacional de Administracin̤ Pb︢lica (INAP)  |c 2015 
300 |a 1 recurso electrn̤ico  
506 1 |a Contenido solo disponible en los productos indicados  |d vLex Global  |d vLex Global (Academic Edition, excluding Law Schools)  |d vLex Global (U.S. Academic Edition, Law Schools)  |d vLex Global (U.S. Academic Edition, excluding Law Schools)  |d vLex Global (Academic Edition, Law Schools) 
650 0 4 |a Democracia  |z Espaą 
740 0 |a vLex libros (servicio en ln̕ea)  
856 4 0 |u http://vlex.com/source/etica-publica-y-buen-gobierno-regenerando-la-democracia-y-luchando-contra-la-corrupcion-desde-el-servicio-publico-14201  |z Acceso restringido  
942 |c BOOK 
999 0 |a Democracy  |b Spain